|
|
|
|
| LEADER |
00000cam a2200000 a 4500 |
| 001 |
vtls009888305 |
| 003 |
SK-MaSNL |
| 005 |
20260301171905.0 |
| 008 |
251106s1976 xo fr 000 0 slo |
| 015 |
|
|
|a SNBA1976/11
|
| 040 |
|
|
|a SNK
|b slo
|c SNK
|e AACR2
|
| 041 |
1 |
|
|a slo
|h rus
|
| 044 |
|
|
|a xo
|c SK
|
| 080 |
|
|
|a 82.0
|2 1981
|
| 080 |
|
|
|a 320
|2 1981
|
| 100 |
1 |
|
|a Kunicyn, Georgij Ivanovič,
|d 1922-1996
|4 aut
|9 540449
|
| 245 |
1 |
0 |
|a Politika a literatúra
|c G.I. Kunicyn ; [z ruského originálu preložil Vladimír Čerevka, Božena Sabršúlová, Jozef Svítek]
|
| 250 |
|
|
|a 1. vyd.
|
| 260 |
|
|
|a Bratislava
|b Pravda
|c 1976
|e Bratislava
|f Pravda
|
| 300 |
|
|
|a 550 s.
|
| 490 |
1 |
|
|a Človek a umenie
|
| 500 |
|
|
|a Preložené z ruštiny
|
| 650 |
0 |
7 |
|a teória literatúry
|2 SNKPH
|9 1238
|
| 650 |
0 |
7 |
|a politológia
|2 SNKPH
|9 4684
|
| 650 |
0 |
7 |
|a marxizmus-leninizmus
|2 SNKPH
|9 2161
|
| 655 |
|
7 |
|a monografie
|2 SNKPH
|9 70139
|
| 700 |
1 |
|
|a Čerevka, Vladimír,
|d 1931-2014
|4 trl
|9 13418
|
| 700 |
1 |
|
|a Sabršúlová, Božena
|4 trl
|9 6139
|
| 700 |
1 |
|
|a Svitek, Jozef
|4 trl
|9 272626
|
| 830 |
|
0 |
|a Človek a umenie
|9 276733
|
| 958 |
|
|
|a OND
|
| 999 |
|
|
|c 831797
|d 833727
|
| 952 |
|
|
|a SNK
|b SNK
|y VYP
|7 0
|p 17A1137803
|o snkSC 39343 D1
|i snkKSP 5522/76
|0 0
|1 0
|4 0
|d 2015-02-18
|l 0
|r 2026-02-24 03:41:26
|w 2026-02-24
|
| 952 |
|
|
|a SNK
|b SNK
|y VYP
|7 0
|p 17A1137804
|o snkSC 39343 D2
|i snkK 1122/78
|8 3
|0 0
|1 0
|4 0
|d 2015-02-18
|l 0
|r 2026-02-24 03:41:26
|w 2026-02-24
|